000 00768nam a2200229 i 4500
001 177539
003 ES-MaACL
005 20250717142010.0
007 t|
008 110331s1974 sp r ||||1| spa d
020 _a84-312-0176-2
080 _a94(460)"1936/1939"(093.3)
100 1 _aGarcía Pradas, J.
_955133
245 1 1 _a¡Teníamos que perder! /
_cJ. García Pradas.
260 _aMadrid :
_bG. del Toro,
_cD. L. 1974.
300 _a328 p. ;
_c21 cm.
490 1 _aMemorias de la guerra civil española 1936-39 ;
_v8
651 4 _aEspaña-
_xHistoria-
_y1936-1939, Guerra civil-
_vRelatos personales.
_98326
830 0 0 _aMemorias de la guerra civil española 1936-39
_v8
_9181851
852 _aES-MaACL
_jE-14753
_xOlim P-1031
999 _c177539
_d177539